000 00218nam a22000857a 4500
999 _c5845
_d5845
008 170131b xxu||||| |||| 00| 0 eng d
020 _a3190013616
100 _92685
_aVerlag.M.H.
245 _aLernzial Deutsch Deutsch als Fremdsprache
260 _aChennai
_bChennai Micro Print
_c1998